[Event "Malmoemaesterskapet gr M"]
[Site "?"]
[Date "2002.02.15"]
[Round "5"]
[White "Schneider, Stefan"]
[Black "Brynell, Stellan"]
[Result "1/2-1/2"]
[WhiteElo "2391"]
[BlackElo "2588"]
[PlyCount "37"]
[EventDate "2002.??.??"]

1. d4 e6 2. c4 Nf6 3. Nf3 b6 4. Nc3 Bb4 5. Qb3 a5 6. g3 Bb7 7. Bg2 O-O 8. O-O
d6 9. Na4 d5 10. c5 bxc5 11. Nxc5 Ba6 12. Qc2 Qe7 13. Bf4 Bxc5 14. dxc5 Nc6 15.
Qa4 Qd7 16. Qd1 Qe7 17. Qa4 Qd7 18. Qd1 Qe7 19. Qa4 1/2-1/2

[Event "Malmoemaesterskapet gr M"]
[Site "?"]
[Date "2002.02.14"]
[Round "5"]
[White "Andren, Niklas"]
[Black "Pavlovskaia, Eugenia"]
[Result "0-1"]
[WhiteElo "1970"]
[BlackElo "2271"]
[PlyCount "66"]
[EventDate "2002.??.??"]

1. e4 c5 2. Nf3 a6 3. c4 e6 4. Nc3 Nc6 5. d4 cxd4 6. Nxd4 Qc7 7. Be2 Nf6 8. O-O
Bb4 9. Nxc6 dxc6 10. Qc2 e5 11. Be3 O-O 12. Na4 Bg4 13. f3 Be6 14. Bb6 Qe7 15.
c5 Nd7 16. Rac1 Nxb6 17. Nxb6 Rad8 18. a3 Rd2 19. axb4 Rxc2 20. Rxc2 Rd8 21.
Bc4 Rd4 22. b3 Qg5 23. Bxe6 Qe3+ 24. Kh1 fxe6 25. Rcc1 Qxb3 26. Rb1 Qd3 27.
Rfc1 h5 28. Nc8 Qd2 29. Rf1 Rxb4 30. Rbd1 Qc2 31. Rd8+ Kh7 32. h4 Rb2 33. Rg1
Qf2 0-1

[Event "Malmoemaesterskapet gr M"]
[Site "?"]
[Date "2002.02.14"]
[Round "5"]
[White "Thomasson, Lars"]
[Black "Nilsson, Anders"]
[Result "0-1"]
[WhiteElo "1915"]
[BlackElo "2074"]
[PlyCount "65"]
[EventDate "2002.??.??"]

1. d4 d5 2. c4 c6 3. Nc3 Nf6 4. Nf3 a6 5. a4 e6 6. Bg5 Nbd7 7. e4 dxe4 8. Nxe4
Bb4+ 9. Bd2 Bxd2+ 10. Nexd2 c5 11. dxc5 Nxc5 12. Qc2 a5 13. Be2 Ra6 14. Nb3
Nxb3 15. Qxb3 O-O 16. O-O e5 17. Nxe5 Re6 18. f4 Qd4+ 19. Kh1 Ne4 20. Nf3 Qc5
21. Qa3 Nf2+ 22. Kg1 Nh3+ 23. Kh1 Qxa3 24. Rxa3 Rxe2 25. gxh3 Bxh3 26. Rg1 Rxb2
27. Nd4 Bd7 28. Re1 Rd2 29. Nb3 Rd3 30. Rea1 b6 31. Rb1 Be6 32. Rc1 Rc8 33. c5
0-1

[Event "Malmoemaesterskapet gr M"]
[Site "?"]
[Date "2002.02.14"]
[Round "5"]
[White "Persson, Olle"]
[Black "Traeff, Paer"]
[Result "1-0"]
[WhiteElo "2112"]
[BlackElo "1919"]
[PlyCount "131"]
[EventDate "2002.??.??"]

1. d4 d5 2. Nf3 c6 3. Bf4 Bf5 4. e3 e6 5. Bd3 Bxd3 6. Qxd3 Nf6 7. O-O Be7 8. c4
O-O 9. Nc3 Nh5 10. Bxb8 Rxb8 11. e4 dxe4 12. Nxe4 Nf6 13. Nc3 g6 14. Rfd1 Qa5
15. Ne5 Rbd8 16. Qe2 Nd7 17. d5 Nxe5 18. Qxe5 Bd6 19. Qf6 exd5 20. cxd5 cxd5
21. Qg5 f6 22. Qxd5+ Qxd5 23. Rxd5 Be5 24. Rad1 Rxd5 25. Rxd5 Bxc3 26. bxc3 Rc8
27. Rd3 Rc7 28. Kf1 Kf7 29. Ke1 Ke7 30. Re3+ Kd6 31. Kd2 Rc4 32. Kc2 Rf4 33.
Re2 Rg4 34. g3 Rc4 35. Kb3 Rc7 36. c4 Kc5 37. Re6 f5 38. Kc3 Rd7 39. h4 Rf7 40.
h5 f4 41. hxg6 hxg6 42. Rxg6 fxg3 43. Rg5+ Kc6 44. fxg3 Rf3+ 45. Kb4 a5+ 46.
Kxa5 Ra3+ 47. Kb4 Rxa2 48. Rg6+ Kc7 49. Kc5 Ra5+ 50. Kd4 b6 51. g4 Rc5 52. Re6
Rg5 53. Re4 b5 54. cxb5 Rxb5 55. Ke3 Kd7 56. Kf4 Rb1 57. Kf5 Rf1+ 58. Kg6 Kd8
59. g5 Kd7 60. Kg7 Rf2 61. g6 Rg2 62. Kf7 Rf2+ 63. Kg8 Rg2 64. g7 Rh2 65. Re5
Rh1 66. Kf7 1-0

[Event "Malmoemaesterskapet gr M"]
[Site "?"]
[Date "2002.02.07"]
[Round "4"]
[White "Johansson, Thomas"]
[Black "Andren, Niklas"]
[Result "0-1"]
[WhiteElo "2318"]
[BlackElo "1970"]
[PlyCount "98"]
[EventDate "2002.??.??"]

1. e4 c5 2. Nc3 e6 3. Nf3 d6 4. g3 Nc6 5. Bg2 Nf6 6. O-O Be7 7. d4 cxd4 8. Nxd4
Nxd4 9. Qxd4 e5 10. Qd3 h6 11. a4 O-O 12. h3 Be6 13. Be3 Qc8 14. Qd2 Bxh3 15.
Bxh6 Bxg2 16. Kxg2 gxh6 17. Rh1 Qg4 18. Qxh6 Qg7 19. Qe3 Rfc8 20. Rh3 d5 21.
exd5 Rxc3 22. Qxc3 Nxd5 23. Qf3 Nf4+ 24. Kh2 Nxh3 25. Qxb7 Qf8 26. Kxh3 Qc8+
27. Qxc8+ Rxc8 28. c3 a5 29. Re1 Bf6 30. Kg4 Rc4+ 31. Kf5 Bg7 32. Re4 Rc6 33.
Re2 Kf8 34. f3 Ke7 35. f4 Rf6+ 36. Kg4 Re6 37. fxe5 Bxe5 38. Kf3 Kd7 39. Re4
Kd6 40. g4 Kd5 41. g5 Rg6 42. Rg4 Rb6 43. Rg2 Kc4 44. Ke4 Bg7 45. Rg4 Rxb2 46.
g6 fxg6 47. Rxg6 Bxc3 48. Rc6+ Kb3 49. Kd3 Bb4 0-1

[Event "Malmoemaesterskapet gr M"]
[Site "?"]
[Date "2002.02.07"]
[Round "4"]
[White "Persson, Olle"]
[Black "Brynell, Stellan"]
[Result "0-1"]
[WhiteElo "2112"]
[BlackElo "2588"]
[PlyCount "66"]
[EventDate "2002.??.??"]

1. d4 e6 2. Nf3 Nf6 3. Bf4 b6 4. e3 Bb7 5. Bd3 Be7 6. O-O Nh5 7. Bg3 d6 8. c4
Nxg3 9. hxg3 c5 10. Nc3 O-O 11. Qc2 g6 12. Rfd1 cxd4 13. exd4 Nd7 14. Be4 Bxe4
15. Qxe4 Nf6 16. Qd3 d5 17. Ne5 Rc8 18. b3 dxc4 19. bxc4 Nd7 20. Nf3 Qc7 21.
Nd2 Rfd8 22. Qe3 Bf6 23. Rac1 Bg7 24. Nde4 Nf6 25. Nb5 Qe7 26. f3 a6 27. Na3
Nxe4 28. fxe4 Bxd4 29. Rxd4 Rxd4 30. Qxd4 Qxa3 31. Rc2 Qxg3 32. Qxb6 Rb8 33.
Qf2 Rb1+ 0-1

[Event "Malmoemaesterskapet gr M"]
[Site "?"]
[Date "2002.02.14"]
[Round "5"]
[White "Baeck, Erno"]
[Black "Soerenfors, Per"]
[Result "1/2-1/2"]
[WhiteElo "1977"]
[BlackElo "1903"]
[PlyCount "23"]
[EventDate "2002.??.??"]

1. e4 d5 2. exd5 Nf6 3. Nf3 Nxd5 4. d4 Bg4 5. Be2 e6 6. O-O Be7 7. c4 Nf6 8.
Nc3 O-O 9. Be3 c6 10. Qb3 Qc8 11. Rfd1 Rd8 12. h3 1/2-1/2

[Event "Malmoemaesterskapet gr M"]
[Site "?"]
[Date "2002.02.07"]
[Round "4"]
[White "Nilsson, Anders"]
[Black "Penalver, Osmani"]
[Result "0-1"]
[WhiteElo "2074"]
[BlackElo "2205"]
[PlyCount "92"]
[EventDate "2002.??.??"]

1. c4 e5 2. Nc3 Nf6 3. Nf3 Nc6 4. e4 Bb4 5. d3 d6 6. g3 O-O 7. Bg2 Nd4 8. h3 c6
9. O-O Nxf3+ 10. Qxf3 h6 11. Qe2 Re8 12. f4 Bc5+ 13. Kh2 Bd4 14. f5 Bd7 15. g4
Nh7 16. Qe1 a6 17. Ne2 b5 18. Nxd4 exd4 19. Qg3 bxc4 20. dxc4 Nf6 21. Re1 Qb8
22. b3 d5 23. Bf4 Qb7 24. e5 Ne4 25. Rxe4 dxe4 26. Bxe4 Qb4 27. Rf1 Qc5 28. Rg1
f6 29. b4 Qxc4 30. Bd3 Qxa2+ 31. Rg2 Qf7 32. Bc2 fxe5 33. Bc1 c5 34. g5 hxg5
35. Qxg5 Kf8 36. Bb3 Qf6 37. Qh5 Qxf5 38. Bg5 Be6 39. Qh8+ Kf7 40. Qh5+ Kg8 41.
Bc2 e4 42. Qh4 d3 43. Bd1 Rf8 44. Be3 Qe5+ 45. Kg1 Qa1 46. Qh5 Rf3 0-1

[Event "Malmoemaesterskapet gr M"]
[Site "?"]
[Date "2002.02.07"]
[Round "4"]
[White "Soerenfors, Per"]
[Black "Klasen, Gunnar"]
[Result "1-0"]
[WhiteElo "1903"]
[BlackElo "1906"]
[PlyCount "91"]
[EventDate "2002.??.??"]

1. d4 Nf6 2. e3 d5 3. Bd3 Bg4 4. Nf3 e6 5. c3 c5 6. Nbd2 Nc6 7. O-O a5 8. Re1
c4 9. Bc2 Be7 10. e4 b5 11. e5 Nd7 12. Nf1 Qb6 13. Ng3 h5 14. h3 Bxf3 15. Qxf3
h4 16. Nh5 g6 17. Ng7+ Kf8 18. Bxg6 Nd8 19. Nh5 Ke8 20. Bc2 Nc6 21. Ng7+ Kd8
22. Qxf7 Nxd4 23. cxd4 Ra6 24. Bf5 exf5 25. Nxf5 Bb4 26. Bg5+ Kc8 27. e6 Nb8
28. a3 Ra7 29. e7 Bxe1 30. e8=Q+ Rxe8 31. Qxe8+ Kb7 32. Qf7+ Ka6 33. Qxd5 Bxf2+
34. Kxf2 Rd7 35. Qe4 Nc6 36. Be3 Rf7 37. Rd1 Qc7 38. Kg1 Qd7 39. d5 Nd8 40. Qd4
Qc7 41. Bg5 Rxf5 42. d6 Qd7 43. Be3 Qb7 44. d7 Rf7 45. Qd6+ Nc6 46. a4 1-0

[Event "Malmoemaesterskapet gr M"]
[Site "?"]
[Date "2002.01.31"]
[Round "3"]
[White "Nilsson, Anders"]
[Black "Schneider, Stefan"]
[Result "0-1"]
[WhiteElo "2074"]
[BlackElo "2391"]
[PlyCount "92"]
[EventDate "2002.??.??"]

1. d4 Nf6 2. c4 e6 3. Nf3 Bb4+ 4. Bd2 Qe7 5. Nc3 O-O 6. e3 b6 7. a3 Bxc3 8.
Bxc3 Ne4 9. Rc1 Bb7 10. Bd3 d6 11. O-O Nd7 12. Nd2 f5 13. f3 Nxc3 14. Rxc3 c5
15. b4 Qf6 16. Nb3 a5 17. bxa5 bxa5 18. Be2 a4 19. Na1 e5 20. Nc2 Rfe8 21. Rd3
cxd4 22. exd4 e4 23. fxe4 Bxe4 24. Rc3 Nc5 25. Bf3 Nb3 26. Bxe4 Rxe4 27. Rd3
Rae8 28. c5 dxc5 29. dxc5 Re2 30. Rd6 Qg5 31. Qd5+ Kh8 32. h4 Qg3 33. Rd8 Rxg2+
34. Qxg2 Qxg2+ 35. Kxg2 Rxd8 36. Rxf5 g6 37. Rf2 Nxc5 38. Kh3 Kg7 39. Re2 Rd5
40. Kg3 Kf6 41. Kf2 Rd3 42. Kg2 Rc3 43. Kh2 h6 44. Kg2 g5 45. hxg5+ hxg5 46.
Kf2 Nd3+ 0-1

[Event "Malmoemaesterskapet gr M"]
[Site "?"]
[Date "2002.03.17"]
[Round "7"]
[White "Pavlovskaia, Eugenia"]
[Black "Brynell, Stellan"]
[Result "1/2-1/2"]
[WhiteElo "2271"]
[BlackElo "2588"]
[PlyCount "22"]
[EventDate "2002.??.??"]

1. e4 e6 2. d4 d5 3. Nd2 c5 4. exd5 exd5 5. Ngf3 a6 6. c3 Nc6 7. dxc5 Bxc5 8.
Bd3 Nf6 9. O-O O-O 10. Nb3 Bb6 11. Bg5 Bg4 1/2-1/2

[Event "Malmoemaesterskapet gr M"]
[Site "?"]
[Date "2002.01.31"]
[Round "3"]
[White "Johansson, Thomas"]
[Black "Traeff, Paer"]
[Result "0-1"]
[WhiteElo "2318"]
[BlackElo "1947"]
[PlyCount "74"]
[EventDate "2002.??.??"]

1. d4 d5 2. Nf3 c6 3. e3 Nf6 4. b3 g6 5. Bb2 Bg7 6. Nbd2 O-O 7. Bd3 Bg4 8. h3
Bxf3 9. Qxf3 Qa5 10. a3 c5 11. h4 h5 12. Qe2 Nc6 13. O-O Qc7 14. Nf3 Ng4 15. g3
e5 16. dxe5 Ncxe5 17. Ng5 Nxd3 18. cxd3 Qe7 19. Bxg7 Kxg7 20. Rfd1 d4 21. e4 f6
22. Nh3 f5 23. Nf4 fxe4 24. dxe4 Rxf4 25. gxf4 Qxh4 26. Qf3 Qh2+ 27. Kf1 Rf8
28. f5 Qe5 29. Qd3 gxf5 30. exf5 Rxf5 31. Rd2 Ne3+ 32. Ke2 Nc2+ 33. Kd1 Nxa1
34. Re2 Qd5 35. Qg3+ Kh6 36. Kc1 d3 37. Qe3+ Rg5 0-1

[Event "Malmoemaesterskapet gr M"]
[Site "?"]
[Date "2002.01.31"]
[Round "3"]
[White "Klasen, Gunnar"]
[Black "Baeck, Erno"]
[Result "1/2-1/2"]
[WhiteElo "1906"]
[BlackElo "1977"]
[PlyCount "67"]
[EventDate "2002.??.??"]

1. e4 e5 2. Nf3 Nf6 3. Nc3 Bb4 4. d3 d5 5. exd5 Nxd5 6. Bd2 Nc6 7. Nxd5 Bxd2+
8. Qxd2 Qxd5 9. Be2 h6 10. O-O O-O 11. c3 Bf5 12. Rfd1 Rad8 13. Qe3 Bh7 14. Ne1
Qb5 15. b4 Qb6 16. Bf3 Rfe8 17. Qxb6 axb6 18. Bxc6 bxc6 19. a4 Ra8 20. Ra3 Ra6
21. f3 Rea8 22. Rda1 Kf8 23. Kf2 Ke7 24. Ke3 f5 25. g3 g5 26. f4 exf4+ 27. gxf4
Kf6 28. Kf3 Bg8 29. Nc2 Bd5+ 30. Kf2 c5 31. b5 R6a7 32. c4 Bb7 33. fxg5+ hxg5
34. d4 1/2-1/2

[Event "Malmoemaesterskapet gr M"]
[Site "?"]
[Date "2002.01.17"]
[Round "1"]
[White "Holst, Conny"]
[Black "Andren, Niklas"]
[Result "1-0"]
[WhiteElo "2245"]
[BlackElo "1970"]
[PlyCount "77"]
[EventDate "2002.??.??"]

1. d4 Nf6 2. c4 c5 3. d5 e6 4. Nc3 exd5 5. cxd5 d6 6. Nf3 g6 7. Bf4 a6 8. a4
Qc7 9. e4 Nbd7 10. Nd2 Rb8 11. Be2 Be7 12. O-O O-O 13. Qc2 Ne8 14. Rad1 Bf6 15.
Nc4 b5 16. axb5 axb5 17. Nxd6 Nxd6 18. Nxb5 Rxb5 19. Bxb5 Ne5 20. Be2 Re8 21.
b3 Bd7 22. Rc1 Nb5 23. Be3 Ng4 24. Bxg4 Bxg4 25. Qxc5 Qb8 26. Qb6 Qxb6 27. Bxb6
Nd4 28. Rb1 Be2 29. Rfe1 Rxe4 30. d6 Bd3 31. Rxe4 Bxe4 32. Rd1 Ne6 33. Rc1 Bb7
34. b4 Kf8 35. Rd1 Nd8 36. b5 Ke8 37. d7+ Ke7 38. Bc5+ Ke6 39. Rd6+ 1-0

[Event "Malmoemaesterskapet gr M"]
[Site "?"]
[Date "2002.01.17"]
[Round "1"]
[White "Baeck, Erno"]
[Black "Nilsson, Anders"]
[Result "0-1"]
[WhiteElo "1977"]
[BlackElo "2074"]
[PlyCount "66"]
[EventDate "2002.??.??"]

1. d4 Nf6 2. c4 g6 3. Nc3 Bg7 4. Nf3 O-O 5. g3 d6 6. Bg2 c6 7. O-O Nbd7 8. e4
e5 9. dxe5 dxe5 10. Qc2 Qc7 11. b3 Re8 12. Rd1 Nc5 13. Be3 Ne6 14. h3 Bd7 15.
Rd2 b6 16. a3 Bf8 17. Ng5 Nd4 18. Rxd4 exd4 19. Bxd4 Bg7 20. Re1 Nh5 21. Bxg7
Kxg7 22. Qd3 Rad8 23. Qe3 h6 24. Nf3 Kh7 25. Nh2 Ng7 26. Ng4 Bxg4 27. hxg4 Qd6
28. e5 Qe6 29. Qf4 f5 30. gxf5 Nxf5 31. Ne4 Rf8 32. Qg4 Kg7 33. Bh3 Qxe5 0-1

[Event "Malmoemaesterskapet gr M"]
[Site "?"]
[Date "2002.01.17"]
[Round "1"]
[White "Thomasson, Lars"]
[Black "Johansson, Thomas"]
[Result "0-1"]
[WhiteElo "1915"]
[BlackElo "2318"]
[PlyCount "75"]
[EventDate "2002.??.??"]

1. d4 f5 2. Nc3 d5 3. g3 c6 4. Bg2 Nd7 5. Nh3 Ndf6 6. O-O e6 7. f3 c5 8. Bf4
Bd7 9. Kh1 cxd4 10. Qxd4 Ne7 11. Bg5 Nc6 12. Qh4 Be7 13. e4 d4 14. e5 Nxe5 15.
Qxd4 Nf7 16. Qf2 Bc6 17. Be3 Qa5 18. Nf4 Bd7 19. Rad1 O-O 20. Rd2 Bb4 21. Rfd1
Bxc3 22. bxc3 Bc8 23. Bc5 Re8 24. a3 e5 25. Bb4 Qc7 26. Nd5 Nxd5 27. Rxd5 b6
28. Qd2 Be6 29. Rd3 Rac8 30. a4 a5 31. Bd6 Qc4 32. Qe3 Qxa4 33. Qxb6 Bc4 34.
R3d2 Rc6 35. Qf2 Nxd6 36. Rxd6 Rxd6 37. Rxd6 Qa1+ 38. Qg1 0-1

[Event "Malmoemaesterskapet gr M"]
[Site "?"]
[Date "2002.01.24"]
[Round "2"]
[White "Nilsson, Anders"]
[Black "Holst, Conny"]
[Result "0-1"]
[WhiteElo "2074"]
[BlackElo "2245"]
[PlyCount "88"]
[EventDate "2002.??.??"]

1. d4 Nf6 2. c4 g6 3. Nc3 Bg7 4. e4 d6 5. Be2 O-O 6. Nf3 e5 7. O-O exd4 8. Nxd4
Re8 9. f3 Nc6 10. Nxc6 bxc6 11. Bg5 h6 12. Bh4 g5 13. Bf2 Be6 14. Qc2 Nd7 15.
Rad1 Qe7 16. Rfe1 Ne5 17. b3 Qf6 18. Rc1 g4 19. fxg4 Nxg4 20. Bxg4 Bxg4 21. Ne2
c5 22. Ng3 Re5 23. Be3 Rae8 24. Rf1 Qg6 25. Bd2 h5 26. Bc3 R5e6 27. Bxg7 Qxg7
28. Rf2 h4 29. Nf5 Bxf5 30. Rxf5 Rxe4 31. Qd2 R8e5 32. Rxe5 Qxe5 33. Qc3 Kg7
34. Qxe5+ dxe5 35. Kf2 Kf6 36. Rc3 Kg5 37. h3 f5 38. g3 Rd4 39. Ke2 e4 40. Re3
Kf6 41. gxh4 f4 42. Rc3 Kf5 43. Rc1 e3 44. Kf3 Rd2 0-1

[Event "Malmoemaesterskapet gr M"]
[Site "?"]
[Date "2002.01.17"]
[Round "1"]
[White "Klasen, Gunnar"]
[Black "Schneider, Stefan"]
[Result "0-1"]
[WhiteElo "1906"]
[BlackElo "2391"]
[PlyCount "100"]
[EventDate "2002.??.??"]

1. e4 Nf6 2. Nc3 d5 3. e5 Ne4 4. d4 Nxc3 5. bxc3 c5 6. Nf3 Nc6 7. Bb5 Bg4 8. h3
Bxf3 9. Qxf3 e6 10. O-O Rc8 11. Be3 a6 12. Bxc6+ Rxc6 13. Rfb1 Qc7 14. Rb3 c4
15. Rbb1 Ba3 16. Qg3 O-O 17. Bh6 f5 18. Bd2 Rb6 19. Bc1 Rxb1 20. Rxb1 Bxc1 21.
Rxc1 Qa5 22. Ra1 Qa3 23. Qe3 Qb2 24. Qe1 Qxc2 25. a4 Rb8 26. f4 h6 27. a5 b5
28. axb6 Rxb6 29. Rc1 Qb2 30. Ra1 Kh7 31. Kh2 Qc2 32. Rc1 Qb2 33. Ra1 Qc2 34.
Rc1 Qe4 35. Qg3 a5 36. h4 Qe2 37. Ra1 Ra6 38. Re1 Qg4 39. Qf2 a4 40. Ra1 a3 41.
g3 Qh5 42. Kg2 Qe8 43. Qe2 Qb8 44. Ra2 Rb6 45. Rxa3 Rb2 46. Ra2 Rxe2+ 47. Rxe2
Qb3 48. Re3 Qc2+ 49. Kf1 Qd2 50. Rf3 Kg6 0-1

[Event "Malmoemaesterskapet gr M"]
[Site "?"]
[Date "2002.01.17"]
[Round "1"]
[White "Penalver, Osmani"]
[Black "Soerenfors, Per"]
[Result "1/2-1/2"]
[WhiteElo "2205"]
[BlackElo "1903"]
[PlyCount "101"]
[EventDate "2002.??.??"]

1. d4 c5 2. d5 e5 3. Nc3 a6 4. e4 b5 5. Nf3 d6 6. Be2 Nf6 7. Nd2 g6 8. O-O Bh6
9. Bf3 O-O 10. a4 b4 11. Ne2 a5 12. c4 Ne8 13. Nb3 Bxc1 14. Nexc1 f5 15. g3 Nf6
16. Nd2 Ra7 17. Bg2 fxe4 18. Nxe4 Nxe4 19. Bxe4 Raf7 20. Nd3 g5 21. Qh5 Qf6 22.
Rae1 Qg7 23. Re3 Nd7 24. Qe2 Nf6 25. Bg2 Qh6 26. f3 Nh5 27. Nf2 Bf5 28. Qd2 Bg6
29. Ree1 Ng7 30. Nh3 Rf5 31. Re4 Be8 32. Rg4 Bxa4 33. Ra1 Bd7 34. Rxa5 R5f6 35.
Nf2 Rg6 36. Re4 Nf5 37. Ra7 Rg7 38. Nh3 Nd4 39. Nxg5 Bf5 40. Rxg7+ Kxg7 41. Re1
Qf6 42. f4 h6 43. Ne4 Bxe4 44. Rxe4 exf4 45. gxf4 Qg6 46. Qe3 Kh8 47. Kh1 Qh5
48. Qe1 Nf3 49. Qg3 Nxh2 50. Qh3 Qxh3 51. Bxh3 1/2-1/2

[Event "Malmoemaesterskapet gr M"]
[Site "?"]
[Date "2002.01.17"]
[Round "1"]
[White "Persson, Olle"]
[Black "Pavlovskaia, Eugenia"]
[Result "1-0"]
[WhiteElo "2112"]
[BlackElo "2271"]
[PlyCount "120"]
[EventDate "2002.??.??"]

1. d4 d5 2. Nf3 Nf6 3. Bf4 c6 4. e3 Bg4 5. c4 e6 6. Nc3 Nbd7 7. Bd3 Be7 8. O-O
O-O 9. Rc1 Nh5 10. Bg3 Nxg3 11. hxg3 dxc4 12. Bxc4 Qa5 13. Qb3 Nb6 14. Bd3 Bxf3
15. gxf3 e5 16. dxe5 Qxe5 17. f4 Qd6 18. Rfd1 Qb4 19. Qc2 h6 20. a3 Qa5 21. Ra1
Rad8 22. b4 Qh5 23. Kg2 f5 24. e4 fxe4 25. Nxe4 Nd5 26. Bc4 Kh8 27. Bxd5 cxd5
28. Nc5 Rc8 29. Qa4 d4 30. Rxd4 Bxc5 31. bxc5 Qxc5 32. Rad1 b5 33. Qb3 a5 34.
Rd5 Qe7 35. Rxb5 Qe4+ 36. Kg1 a4 37. Qb4 Qe2 38. Re1 Qc2 39. Rb7 Rfe8 40. Rbe7
Rxe7 41. Qxe7 Qc6 42. Qe4 Qc4 43. Kh2 Qa2 44. Qe3 Rc2 45. Kg2 Qd5+ 46. Qe4 Qc5
47. Re3 Rc4 48. Qa8+ Kh7 49. Re8 Rc2 50. Qe4+ g6 51. Qe7+ Qxe7 52. Rxe7+ Kg8
53. Re4 Ra2 54. Rxa4 Kf7 55. Ra6 h5 56. Kf3 Kg7 57. a4 Kf7 58. a5 Ra4 59. Kg2
Kg7 60. Ra8 60... Ra3 {och vit vann.} 1-0

[Event "Malmoemaesterskapet gr M"]
[Site "?"]
[Date "2002.01.24"]
[Round "2"]
[White "Schneider, Stefan"]
[Black "Persson, Olle"]
[Result "1/2-1/2"]
[WhiteElo "2391"]
[BlackElo "2112"]
[PlyCount "61"]
[EventDate "2002.??.??"]

1. d4 d5 2. c4 c6 3. e3 Nf6 4. Bd3 e6 5. Nf3 Bd6 6. Nc3 O-O 7. e4 dxe4 8. Nxe4
Nxe4 9. Bxe4 Nd7 10. O-O e5 11. dxe5 Nxe5 12. Nxe5 Bxe5 13. Bxh7+ Kxh7 14. Qh5+
Kg8 15. Qxe5 Re8 16. Qc3 Bf5 17. Be3 Qd3 18. Rac1 Qxc3 19. Rxc3 b5 20. cxb5
cxb5 21. Rfc1 b4 22. Rc5 Bd3 23. Rd5 Be2 24. h4 a6 25. Rc7 Rec8 26. Rdd7 Bc4
27. b3 Rxc7 28. Rxc7 Be6 29. Rb7 a5 30. Kf1 Bf5 31. Ra7 1/2-1/2

[Event "Malmoemaesterskapet gr M"]
[Site "?"]
[Date "2002.01.24"]
[Round "2"]
[White "Soerenfors, Per"]
[Black "Traeff, Paer"]
[Result "0-1"]
[WhiteElo "1903"]
[BlackElo "1947"]
[PlyCount "92"]
[EventDate "2002.??.??"]

1. c4 Nf6 2. e3 c6 3. d4 d5 4. cxd5 cxd5 5. Nf3 Bf5 6. Qb3 Qc7 7. Nc3 e6 8. Bd2
a6 9. Rc1 Nc6 10. Ne5 Bd6 11. Na4 Bxe5 12. dxe5 Nd7 13. f4 O-O 14. Bb4 Rfc8 15.
Qc3 Qd8 16. Qd2 Nxb4 17. Rxc8 Rxc8 18. Qxb4 Rc1+ 19. Kd2 Rc2+ 20. Kd1 Rc7 21.
Qd4 Qc8 22. Nc3 Nc5 23. Ke1 Ne4 24. Nxe4 Bxe4 25. Kf2 Rc2+ 26. Kg3 Qc5 27. Qxc5
Rxc5 28. Be2 Rc2 29. Bf3 Bxf3 30. gxf3 Rxb2 31. Ra1 Re2 32. a4 Rxe3 33. Rb1 g6
34. Rxb7 Ra3 35. Rb4 a5 36. Rd4 Kf8 37. h4 h5 38. f5 gxf5 39. Kf4 Kg7 40. Kg5
Rxf3 41. Rd1 Rg3+ 42. Kxh5 Rg4 43. Rg1 f6 44. Rb1 fxe5 45. Rb7+ Kf6 46. Kh6
Rxh4# 0-1

[Event "Malmoemaesterskapet gr M"]
[Site "?"]
[Date "2002.01.24"]
[Round "2"]
[White "Thomasson, Lars"]
[Black "Klasen, Gunnar"]
[Result "1-0"]
[WhiteElo "1915"]
[BlackElo "1906"]
[PlyCount "79"]
[EventDate "2002.??.??"]

1. d4 Nf6 2. c4 e5 3. dxe5 Ne4 4. Nf3 Nc6 5. Nbd2 Nc5 6. Nb3 Ne6 7. e4 g6 8.
Be2 Bg7 9. O-O Nxe5 10. Nxe5 Bxe5 11. f4 Bg7 12. Rb1 d6 13. Be3 O-O 14. f5 Ng5
15. Bd3 h5 16. Bd4 Re8 17. Bxg7 Kxg7 18. Qc2 gxf5 19. exf5 f6 20. Qf2 Bd7 21.
h4 Nh7 22. Rfe1 Kh8 23. Nd4 Rg8 24. Ne6 Qc8 25. Qc2 Bc6 26. Nf4 Nf8 27. Re7 Qd8
28. Rbe1 Rg4 29. Qd2 Kg8 30. R1e2 Rg7 31. Rxg7+ Kxg7 32. Nxh5+ Kh7 33. Qc2 Nd7
34. Re6 Qg8 35. Bf1 Re8 36. Nxf6+ Nxf6 37. Rxf6 Rd8 38. Qd2 Qg7 39. Rg6 Qf8 40.
Qg5 1-0

[Event "Malmoemaesterskapet gr M"]
[Site "?"]
[Date "2002.01.31"]
[Round "3"]
[White "Penalver, Osmani"]
[Black "Persson, Olle"]
[Result "0-1"]
[WhiteElo "2205"]
[BlackElo "2112"]
[PlyCount "62"]
[EventDate "2002.??.??"]

1. d4 d5 2. c4 c6 3. Nc3 Nf6 4. Bg5 e6 5. e3 Be7 6. cxd5 exd5 7. Bd3 Nbd7 8.
Nge2 O-O 9. Qc2 Re8 10. O-O Nf8 11. f3 Ng6 12. e4 dxe4 13. fxe4 Ng4 14. Bxe7
Qxe7 15. Qb3 Be6 16. d5 Bd7 17. d6 Qxd6 18. g3 Qxd3 19. Qxf7+ Kh8 20. Rf3 Qd2
21. Rd1 Qh6 22. Rxd7 N6e5 23. Qf4 Nxf3+ 24. Qxf3 Qxh2+ 25. Kf1 Ne5 26. Qf5 Rf8
27. Rxb7 Rxf5+ 28. exf5 Qh3+ 29. Ke1 Qxf5 30. a4 Rd8 31. Nf4 g5 0-1

[Event "Malmoemaesterskapet gr M"]
[Site "?"]
[Date "2002.01.31"]
[Round "3"]
[White "Andren, Niklas"]
[Black "Soerenfors, Per"]
[Result "1-0"]
[WhiteElo "1970"]
[BlackElo "1903"]
[PlyCount "77"]
[EventDate "2002.??.??"]

1. e4 c5 2. Nf3 e6 3. d4 cxd4 4. Nxd4 Qb6 5. Nb3 Nf6 6. Nc3 Bb4 7. Bd3 Bxc3+ 8.
bxc3 d6 9. O-O e5 10. Kh1 Nbd7 11. f4 Qc6 12. Qe1 b6 13. Ba3 Bb7 14. c4 Rc8 15.
fxe5 dxe5 16. Qg3 g6 17. Qf2 Qe6 18. c5 Nxe4 19. Bxe4 Bxe4 20. Rae1 Bd5 21. Nd4
Qe7 22. c6 Nc5 23. c4 Bxc4 24. Bxc5 bxc5 25. Rxe5 Be6 26. Nxe6 fxe6 27. Qe2
Rxc6 28. Qb5 Qd6 29. Qb7 Qd7 30. Qa8+ Rc8 31. Qe4 Rc6 32. Qg4 Qd6 33. Qf3 Qd7
34. Qf6 Rg8 35. Rfe1 Rg7 36. Rxe6+ Rxe6 37. Rxe6+ Re7 38. Qh8+ Kf7 39. Rf6# 1-0

[Event "Malmoemaesterskapet gr M"]
[Site "?"]
[Date "2002.02.28"]
[Round "6"]
[White "Klasen, Gunnar"]
[Black "Nilsson, Anders"]
[Result "0-1"]
[WhiteElo "1906"]
[BlackElo "2074"]
[PlyCount "60"]
[EventDate "2002.??.??"]

1. e4 e6 2. d4 d5 3. e5 c5 4. c3 Nc6 5. Nf3 Bd7 6. Be3 Qb6 7. Qb3 Nh6 8. Qxb6
axb6 9. Bxh6 gxh6 10. a3 Bg7 11. Nbd2 f6 12. exf6 Bxf6 13. Nb3 c4 14. Nbd2 b5
15. Rd1 b4 16. axb4 Ra2 17. Rb1 e5 18. dxe5 Bf5 19. exf6 Bxb1 20. Nxb1 Rxb2 21.
Nfd2 b5 22. g3 d4 23. Bg2 Nxb4 24. cxb4 c3 25. Ke2 Kf7 26. Kd3 Rc8 27. Bd5+
Kxf6 28. f4 c2 29. Rc1 Kg7 30. Kxd4 cxb1=Q 0-1

[Event "Malmoemaesterskapet gr M"]
[Site "?"]
[Date "2002.02.28"]
[Round "6"]
[White "Johansson, Thomas"]
[Black "Baeck, Erno"]
[Result "1-0"]
[WhiteElo "2318"]
[BlackElo "1977"]
[PlyCount "63"]
[EventDate "2002.??.??"]

1. e4 e5 2. f4 d5 3. exd5 e4 4. d3 Qxd5 5. Nc3 Bb4 6. Bd2 Bxc3 7. Bxc3 Nf6 8.
Qe2 Bg4 9. dxe4 Qxe4 10. Qxe4+ Nxe4 11. Bxg7 Rg8 12. Be5 Nc6 13. Bd3 Nxe5 14.
Bxe4 Nc4 15. Bxb7 Rb8 16. Bc6+ Kf8 17. b3 Ne3 18. Kd2 Nd1 19. h3 Nf2 20. Rh2
Rb6 21. Rf1 Rxc6 22. Rxf2 Rd6+ 23. Kc3 Bf5 24. g4 h5 25. g5 h4 26. Nf3 Rh8 27.
Nd4 Be4 28. Re2 Bd5 29. Re3 c5 30. Nf5 Ra6 31. Rd2 Be6 32. Rd8# 1-0

[Event "Malmoemaesterskapet gr M"]
[Site "?"]
[Date "2002.02.28"]
[Round "6"]
[White "Traeff, Paer"]
[Black "Schneider, Stefan"]
[Result "0-1"]
[WhiteElo "1947"]
[BlackElo "2391"]
[PlyCount "98"]
[EventDate "2002.??.??"]

1. c4 Nf6 2. g3 c6 3. b3 d5 4. Bb2 Bf5 5. Bg2 Nbd7 6. Nf3 e6 7. O-O Bd6 8. d3
O-O 9. Nh4 Bg4 10. Qc2 Re8 11. e4 dxe4 12. dxe4 e5 13. Nf5 Bf8 14. Ne3 Bh5 15.
f3 Bc5 16. Re1 Nf8 17. Nc3 Ne6 18. Na4 Bd4 19. c5 b5 20. cxb6 axb6 21. g4 Bg6
22. Qxc6 Rxa4 23. Qxa4 Bxb2 24. Rad1 Bd4 25. b4 b5 26. Qb3 h5 27. Kh1 hxg4 28.
Nxg4 Nh5 29. Nxe5 Qh4 30. f4 Bf2 31. Nxg6 fxg6 32. Bh3 Bxe1 33. Bxe6+ Kh8 34.
Bf7 Rf8 35. Rd3 Bg3 36. Rxg3 Nxg3+ 37. Qxg3 Qxg3 38. hxg3 Rxf7 39. Kg2 Ra7 40.
Kf3 Ra3+ 41. Kg4 Kg8 42. e5 Kf7 43. Kh4 Rxa2 44. g4 Rb2 45. Kg5 Rxb4 46. f5
gxf5 47. gxf5 Re4 48. e6+ Rxe6 49. fxe6+ Kxe6 0-1